[Event "XXIX Open"]
[Site "Donostia San Sebastian ESP"]
[Date "2006.04.08"]
[Round "1"]
[White "Colovic, A."]
[Black "Rodriguez Cabrera, F."]
[Result "1-0"]
[WhiteElo "2459"]
[BlackElo "1799"]
[PlyCount "35"]
[EventDate "2006.04.08"]

1. e4 c6 2. d3 d5 3. Nd2 e5 4. Ngf3 Bd6 5. d4 Nd7 6. exd5 cxd5 7. dxe5 Nxe5 8.
Nxe5 Bxe5 9. Nf3 Bd6 10. Qd4 Nf6 11. Be2 O-O 12. O-O Re8 13. Bd3 Ne4 14. b4 Bg4
15. Bb2 f6 16. Qxd5+ Kh8 17. Bxe4 f5 18. Qf7 1-0

[Event "XXIX Open"]
[Site "Donostia San Sebastian ESP"]
[Date "2006.04.08"]
[Round "1"]
[White "Neelotpal, D."]
[Black "Hernandez Lopez, D."]
[Result "1-0"]
[WhiteElo "2514"]
[BlackElo "1988"]
[PlyCount "39"]
[EventDate "2006.04.08"]

1. e4 c5 2. Nf3 Nc6 3. Bb5 Nd4 4. Nxd4 cxd4 5. O-O a6 6. Ba4 g6 7. d3 b5 8. Bb3
d6 9. a4 Bb7 10. c3 Bg7 11. cxd4 Bxd4 12. Nc3 b4 13. Nd5 a5 14. Be3 Bg7 15. Bb6
Qb8 16. Nc7+ Kf8 17. Nxa8 Qxa8 18. Qc2 Nf6 19. Rac1 Nd7 20. Bxa5 1-0

[Event "XXIX Open"]
[Site "Donostia San Sebastian ESP"]
[Date "2006.04.08"]
[Round "1"]
[White "Irure Crespo, E."]
[Black "Conquest, S."]
[Result "0-1"]
[WhiteElo "1971"]
[BlackElo "2505"]
[PlyCount "128"]
[EventDate "2006.04.08"]

1. e4 c5 2. Nf3 e6 3. d4 cxd4 4. Nxd4 Nf6 5. Nc3 d6 6. Be3 Be7 7. f3 Nc6 8. Qd2
a6 9. g4 Nd7 10. O-O-O O-O 11. h4 Nxd4 12. Bxd4 b5 13. g5 b4 14. Na4 Rb8 15.
Ba7 Rb7 16. Be3 Qa5 17. b3 Nc5 18. Bxc5 dxc5 19. Kb1 Rd8 20. Qe1 Rxd1+ 21. Qxd1
Rd7 22. Qe1 Qc7 23. Bd3 Rd4 24. Nb2 Qf4 25. Qf2 g6 26. Qh2 Qxh2 27. Rxh2 Kg7
28. Nc4 Bd7 29. Ne5 Bd6 30. f4 Bxe5 31. fxe5 Bb5 32. Rh3 h6 33. Kc1 Rd8 34. Rf3
hxg5 35. hxg5 Rh8 36. Rg3 Rh2 37. Kb1 Rf2 38. Ka1 Bc6 39. Rg4 Bb5 40. Rg3 Rf4
41. Kb2 Bc6 42. Bxa6 Rxe4 43. a4 bxa3+ 44. Kxa3 Rxe5 45. Bd3 Re1 46. Kb2 Bd5
47. Kc3 Kf8 48. Kd2 Rh1 49. Ke3 Ke7 50. Kf4 Kd6 51. Re3 Rh4+ 52. Kg3 Rb4 53.
Re1 Bxb3 54. Rb1 Bd5 55. Rf1 Ke7 56. Rf2 Rd4 57. Bb5 Be4 58. c3 Rd8 59. Kf4 Bd3
60. Bc6 Rd6 61. Bg2 Ra6 62. Rd2 c4 63. Rd1 Ra5 64. Bh3 Kd6 0-1

[Event "XXIX Open"]
[Site "Donostia San Sebastian ESP"]
[Date "2006.04.08"]
[Round "1"]
[White "Gomez Esteban, J."]
[Black "Fernandez de Pinedo Orive, J."]
[Result "1-0"]
[WhiteElo "2495"]
[BlackElo "1961"]
[PlyCount "63"]
[EventDate "2006.04.08"]

1. d4 Nf6 2. c4 e6 3. Nc3 Bb4 4. Qc2 O-O 5. a3 Bxc3+ 6. Qxc3 Ne4 7. Qc2 f5 8.
e3 b6 9. Nh3 Bb7 10. f3 Nf6 11. b3 d6 12. Bb2 Qe8 13. O-O-O g6 14. Nf2 Nbd7 15.
Be2 Qe7 16. Rhg1 c5 17. Qd2 cxd4 18. Qxd4 d5 19. Kb1 e5 20. Qh4 Rae8 21. g4
fxg4 22. fxg4 Nxg4 23. Qxg4 Nf6 24. Qg5 Ba6 25. h4 Kh8 26. h5 Nxh5 27. Rxd5 Rf5
28. Qxe7 Rxe7 29. e4 Nf4 30. Rd8+ Kg7 31. exf5 Nxe2 32. Re1 1-0

[Event "XXIX Open"]
[Site "Donostia San Sebastian ESP"]
[Date "2006.04.08"]
[Round "1"]
[White "Ninov, N."]
[Black "Riesco Lekuona, J."]
[Result "1-0"]
[WhiteElo "2494"]
[BlackElo "1949"]
[PlyCount "44"]
[EventDate "2006.04.08"]

1. e4 c5 2. Nf3 d6 3. d4 cxd4 4. Nxd4 Nf6 5. Nc3 a6 6. Be2 e5 7. Nb3 Be7 8. O-O
Be6 9. f4 Qc7 10. f5 Bc4 11. a4 Nbd7 12. Kh1 Rc8 13. Bxc4 Qxc4 14. a5 O-O 15.
Ra4 Qc6 16. Rf3 h5 17. Bg5 Bd8 18. Nd2 b5 19. axb6 Qxb6 20. Bxf6 Nxf6 21. Nc4
Qb8 22. b3 a5 1-0

[Event "XXIX Open"]
[Site "Donostia San Sebastian ESP"]
[Date "2006.04.08"]
[Round "1"]
[White "Lopez de Castro, J."]
[Black "Prie, E."]
[Result "0-1"]
[WhiteElo "1925"]
[BlackElo "2475"]
[PlyCount "80"]
[EventDate "2006.04.08"]

1. e4 d5 2. exd5 Qxd5 3. Nc3 Qa5 4. d4 Nf6 5. Bc4 Bg4 6. f3 Bf5 7. Nge2 Nbd7 8.
O-O e6 9. Ng3 Bg6 10. Kh1 O-O-O 11. Qe2 Nb6 12. Bb3 Rxd4 13. Be3 Rh4 14. Nb5 a6
15. Bg5 Rb4 16. Bxf6 gxf6 17. Nc3 Qe5 18. Qxe5 fxe5 19. Nce4 Nd5 20. c3 Rb6 21.
Rfe1 Nf4 22. Rad1 Be7 23. Rd2 Rd8 24. Red1 Rxd2 25. Rxd2 f5 26. Nf2 Rd6 27. Nf1
Bf7 28. g3 Ng6 29. Re2 Be8 30. Rd2 Bd7 31. Kg2 Bg5 32. Re2 Bb5 33. c4 Bd7 34.
h4 Bf6 35. c5 Rd4 36. Rd2 h5 37. Rc2 Kd8 38. Rc4 Ke7 39. Ne3 f4 40. Nc2 Rd2 0-1

[Event "XXIX Open"]
[Site "Donostia San Sebastian ESP"]
[Date "2006.04.08"]
[Round "1"]
[White "Espin Laborde, J."]
[Black "Genov, Peta"]
[Result "0-1"]
[WhiteElo "1817"]
[BlackElo "2465"]
[PlyCount "40"]
[EventDate "2006.04.08"]

1. e4 c5 2. Nf3 e6 3. d4 cxd4 4. Nxd4 a6 5. Be3 Nf6 6. Bd3 Nc6 7. Nc3 Bb4 8.
O-O Qe7 9. f3 Bc5 10. Be2 Qd6 11. Nf5 exf5 12. Qxd6 Bxd6 13. exf5 Be5 14. f4
Bd4 15. Bxd4 Nxd4 16. Bd3 O-O 17. h3 h5 18. Ne4 Nxe4 19. Bxe4 d5 20. Bxd5 Nxc2
0-1

[Event "XXIX Open"]
[Site "Donostia San Sebastian ESP"]
[Date "2006.04.08"]
[Round "1"]
[White "Puga Senar, F."]
[Black "Cornette, M."]
[Result "0-1"]
[WhiteElo "1765"]
[BlackElo "2448"]
[PlyCount "66"]
[EventDate "2006.04.08"]

1. d4 Nf6 2. c4 c5 3. e3 e6 4. Nf3 a6 5. Bd3 d5 6. Nc3 dxc4 7. Bxc4 b5 8. Be2
Bb7 9. dxc5 Qxd1+ 10. Nxd1 Bxc5 11. O-O Nbd7 12. b3 Ke7 13. Bb2 b4 14. Ne5 Nxe5
15. Bxe5 Ne4 16. Bf3 f6 17. Rc1 Rac8 18. Ba1 Bd5 19. Be2 Bb6 20. Nb2 Nc3 21.
Bxa6 Ra8 22. Bc4 Bxc4 23. Nxc4 Ne2+ 24. Kh1 Nxc1 25. Nxb6 Ra6 26. Bd4 Nd3 27.
Na4 Rc8 28. f4 e5 29. fxe5 fxe5 30. Ba1 Rf6 31. Rb1 Rc2 32. Nb2 Nxb2 33. Bxb2
Rxb2 0-1

[Event "XXIX Open"]
[Site "Donostia San Sebastian ESP"]
[Date "2006.04.08"]
[Round "1"]
[White "Etxeberria Iriondo, R."]
[Black "Dobrev, N."]
[Result "0-1"]
[WhiteElo "2107"]
[BlackElo "2407"]
[PlyCount "78"]
[EventDate "2006.04.08"]

1. e4 e5 2. Nf3 Nc6 3. d4 exd4 4. c3 d5 5. exd5 Qxd5 6. cxd4 Bg4 7. Be2 Bb4+ 8.
Nc3 Nge7 9. O-O Qd7 10. a3 Ba5 11. b4 Bb6 12. d5 Bxf3 13. Bxf3 Nd4 14. Bg4 f5
15. Bh5+ g6 16. Bg5 O-O 17. Ne2 Nxe2+ 18. Bxe2 Nxd5 19. Bf3 c6 20. b5 Bd8 21.
Bxd8 Raxd8 22. bxc6 bxc6 23. Rc1 Rf6 24. Qd4 Rd6 25. Qc4 Qf7 26. Rfe1 R8d7 27.
Qa6 Ne7 28. Bxc6 Rc7 29. Be8 Qf6 30. Qe2 Rb7 31. Bb5 Kg7 32. h3 f4 33. a4 a6
34. Qf3 Rbb6 35. Bf1 Nc6 36. Re4 g5 37. Rec4 Ne5 38. Rc7+ Kh6 39. Qe4 Ng6 0-1

[Event "XXIX Open"]
[Site "Donostia San Sebastian ESP"]
[Date "2006.04.09"]
[Round "2"]
[White "Landa Ceballos, J."]
[Black "Jakobsen, O."]
[Result "0-1"]
[WhiteElo "2090"]
[BlackElo "2388"]
[PlyCount "90"]
[EventDate "2006.04.08"]

1. d4 Nf6 2. Nc3 d5 3. Bg5 Nbd7 4. f3 h6 5. Bh4 e6 6. e4 Be7 7. e5 Ng8 8. Bxe7
Nxe7 9. f4 a6 10. Qd2 c5 11. Nf3 Qa5 12. dxc5 Nc6 13. Bd3 Qxc5 14. Qf2 Qxf2+
15. Kxf2 Nc5 16. Ne2 Bd7 17. Ned4 O-O 18. Ke3 Rfc8 19. g4 Nb4 20. Rhc1 Na4 21.
a3 Nc6 22. Rab1 b5 23. h4 Nxd4 24. Nxd4 Rc7 25. h5 Re8 26. Rg1 Kf8 27. g5 Nc5
28. c3 Nxd3 29. Kxd3 a5 30. b4 Rec8 31. Rbc1 Ra7 32. Ra1 Rac7 33. Rgc1 Ke7 34.
Ra2 Rc4 35. Rg2 axb4 36. axb4 Rxb4 37. gxh6 gxh6 38. Rg7 Rbc4 39. Ne2 b4 40.
Rb1 bxc3 41. Rh7 c2 42. Rc1 Bb5 43. Kd2 Re4 44. Ng3 Rd4+ 45. Ke1 Rxf4 0-1

[Event "XXIX Open"]
[Site "Donostia San Sebastian ESP"]
[Date "2006.04.09"]
[Round "2"]
[White "Spraggett, K."]
[Black "Huesmann, T."]
[Result "1-0"]
[WhiteElo "2578"]
[BlackElo "2303"]
[PlyCount "69"]
[EventDate "2006.04.08"]

1. e4 e5 2. Nf3 Nc6 3. Bb5 a6 4. Ba4 Nf6 5. d3 d6 6. c3 Be7 7. O-O O-O 8. Nbd2
b5 9. Bb3 Na5 10. Bc2 c5 11. Re1 Ne8 12. Nf1 Bf6 13. Ne3 g6 14. d4 Nc7 15. a4
exd4 16. cxd4 b4 17. d5 Rb8 18. Nd2 Na8 19. Rb1 Nb6 20. b3 Nd7 21. f4 Re8 22.
Kh1 Bc3 23. Qf3 Qf6 24. Rf1 Nb6 25. e5 dxe5 26. Ne4 Qg7 27. f5 gxf5 28. Nd6 e4
29. Qf2 Re5 30. Nexf5 Bxf5 31. Nxf5 Bd4 32. Qh4 Rxf5 33. Rxf5 f6 34. Bh6 Qd7
35. g3 1-0

[Event "XXIX Open"]
[Site "Donostia San Sebastian ESP"]
[Date "2006.04.09"]
[Round "2"]
[White "Acosta Garcia, A."]
[Black "Neelotpal, D."]
[Result "1/2-1/2"]
[WhiteElo "2304"]
[BlackElo "2514"]
[PlyCount "36"]
[EventDate "2006.04.08"]

1. d4 Nf6 2. c4 e6 3. Nc3 c5 4. d5 exd5 5. cxd5 d6 6. e4 g6 7. Bd3 Bg7 8. h3
O-O 9. Nf3 b5 10. Bxb5 Nxe4 11. Nxe4 Qa5+ 12. Nfd2 Qxb5 13. Nxd6 Qa6 14. N2c4
Nd7 15. O-O Nb6 16. Nxb6 Qxb6 17. Nxc8 Raxc8 18. Re1 Qd6 1/2-1/2

[Event "XXIX Open"]
[Site "Donostia San Sebastian ESP"]
[Date "2006.04.09"]
[Round "2"]
[White "Rodriguez Lopez, R."]
[Black "Gomez Esteban, J."]
[Result "1/2-1/2"]
[WhiteElo "2267"]
[BlackElo "2495"]
[PlyCount "39"]
[EventDate "2006.04.08"]

1. d4 d5 2. c4 c6 3. Nc3 Nf6 4. e3 a6 5. Qc2 e6 6. Nf3 Nbd7 7. b3 b6 8. Bd3 Bb7
9. O-O Be7 10. e4 dxe4 11. Nxe4 Nxe4 12. Bxe4 Nf6 13. Bd3 c5 14. dxc5 Bxf3 15.
gxf3 Bxc5 16. Bf4 Nh5 17. Bg3 Nxg3 18. hxg3 g6 19. Rad1 Qc7 20. Kg2 1/2-1/2

[Event "XXIX Open"]
[Site "Donostia San Sebastian ESP"]
[Date "2006.04.09"]
[Round "2"]
[White "Cifuentes Parada, R."]
[Black "Ortega Valle, J."]
[Result "1-0"]
[WhiteElo "2494"]
[BlackElo "2213"]
[PlyCount "47"]
[EventDate "2006.04.08"]

1. Nf3 Nf6 2. c4 g6 3. Nc3 Bg7 4. e4 d6 5. d4 O-O 6. Be3 Nbd7 7. Nd2 e5 8. d5
Ne8 9. Be2 f5 10. f3 Ndf6 11. Rc1 Nh5 12. exf5 gxf5 13. O-O f4 14. Bf2 Qg5 15.
Nde4 Qg6 16. Bd3 Bf5 17. Qc2 Kh8 18. Rfd1 Rg8 19. Bh4 Bh6 20. c5 dxc5 21. Nxc5
Nd6 22. N3e4 Ng7 23. Bf6 Raf8 24. Bxe5 1-0

[Event "XXIX Open"]
[Site "Donostia San Sebastian ESP"]
[Date "2006.04.09"]
[Round "2"]
[White "Olaizola Ortega, L."]
[Black "Ninov, N."]
[Result "0-1"]
[WhiteElo "2208"]
[BlackElo "2494"]
[PlyCount "47"]
[EventDate "2006.04.08"]

1. d4 Nf6 2. Nf3 e6 3. c4 b6 4. Nc3 Bb4 5. e3 c5 6. Bd3 O-O 7. O-O Bb7 8. Bd2
cxd4 9. exd4 d5 10. Bg5 Bxc3 11. bxc3 dxc4 12. Bxc4 Nbd7 13. Bd3 Qc7 14. c4
Rfe8 15. Re1 h6 16. Bh4 Rac8 17. Rc1 Nh5 18. Bf1 Qf4 19. d5 exd5 20. Rxe8+ Rxe8
21. cxd5 Nhf6 22. Rc4 Qd6 23. a4 Qxd5 24. Rd4 0-1

[Event "XXIX Open"]
[Site "Donostia San Sebastian ESP"]
[Date "2006.04.09"]
[Round "2"]
[White "Barrenechea Bahamonde, G."]
[Black "Flear, G."]
[Result "0-1"]
[WhiteElo "2180"]
[BlackElo "2465"]
[PlyCount "110"]
[EventDate "2006.04.08"]

1. e4 e5 2. Nf3 Nc6 3. Bb5 a6 4. Bxc6 dxc6 5. O-O Bd6 6. d4 exd4 7. Qxd4 f6 8.
Be3 Be6 9. Nbd2 Ne7 10. Qc3 O-O 11. Nd4 Bf7 12. Rad1 Qd7 13. a4 c5 14. N4b3 b6
15. Nc4 Qxa4 16. Nxd6 cxd6 17. Rxd6 Qxe4 18. Nd2 Qb7 19. Qd3 Nd5 20. Nc4 Rad8
21. Qe4 Qc7 22. Rxd8 Rxd8 23. Rd1 Nc3 24. Rxd8+ Qxd8 25. Qd3 Qxd3 26. cxd3 Nd5
27. Bd2 Bg6 28. Ne3 Nc7 29. Nc4 b5 30. Nd6 Bxd3 31. Nb7 Ne6 32. Be3 c4 33. Nc5
Nxc5 34. Bxc5 a5 35. f3 Kf7 36. Kf2 Ke6 37. Ke3 Bf1 38. g3 Kd5 39. Bf8 c3 40.
bxc3 g6 41. Be7 f5 42. h4 Kc4 43. Kd2 Kb3 44. h5 Bc4 45. h6 a4 46. Ke3 a3 47.
Bxa3 Kxa3 48. Kf4 Kb3 49. Kg5 Kxc3 50. Kf6 b4 51. Kg7 b3 52. Kxh7 b2 53. Kg7
b1=Q 54. h7 Qb7+ 55. Kh6 Qb8 0-1

[Event "XXIX Open"]
[Site "Donostia San Sebastian ESP"]
[Date "2006.04.09"]
[Round "2"]
[White "Genov, Peta"]
[Black "Alvarez Ponga, H."]
[Result "1-0"]
[WhiteElo "2465"]
[BlackElo "2132"]
[PlyCount "105"]
[EventDate "2006.04.08"]

1. c4 Nf6 2. Nc3 b6 3. e4 d6 4. d4 Bb7 5. f3 g6 6. Nh3 Bg7 7. Be2 Nc6 8. Be3 e5
9. d5 Ne7 10. O-O Bc8 11. Nf2 h6 12. b4 O-O 13. Qd2 Kh7 14. c5 Ne8 15. cxd6
cxd6 16. a4 f5 17. Nd3 Ng8 18. a5 Rb8 19. axb6 axb6 20. b5 Ngf6 21. Nb4 Bb7 22.
Ra7 Nd7 23. Nc6 Qc8 24. Na4 fxe4 25. fxe4 Rxf1+ 26. Kxf1 Nef6 27. Bf3 Qc7 28.
Qf2 Nc5 29. Nxc5 dxc5 30. Nxb8 Qxb8 31. Ra4 Ne8 32. Bg4 Nd6 33. Bd7 Qc7 34. Bc6
Bc8 35. Kg1 Qe7 36. h3 Bf6 37. Kh2 Bg7 38. Qf3 Bf6 39. Bf2 Bg7 40. Bg3 Kg8 41.
Qf2 Kh7 42. Bh4 g5 43. Bg3 Kg6 44. Qe2 Bf6 45. Qa2 h5 46. Ra7 Qf8 47. Bd7 Bb7
48. Bf5+ Kh6 49. Qa6 h4 50. Be1 Nxf5 51. Qxb7 Ng7 52. Bd2 Qd6 53. Qf7 1-0

[Event "XXIX Open"]
[Site "Donostia San Sebastian ESP"]
[Date "2006.04.09"]
[Round "2"]
[White "Moreto Quintana, A."]
[Black "Colovic, A."]
[Result "0-1"]
[WhiteElo "2133"]
[BlackElo "2459"]
[PlyCount "92"]
[EventDate "2006.04.08"]

1. e4 c5 2. Nf3 e6 3. d4 cxd4 4. c3 Nf6 5. e5 Nd5 6. cxd4 d6 7. Bc4 Nb6 8. Bb3
dxe5 9. Nxe5 Nc6 10. Nxc6 bxc6 11. O-O Be7 12. Nc3 O-O 13. Bf4 Nd5 14. Be5 Ba6
15. Re1 Nxc3 16. bxc3 g6 17. Qf3 Qb6 18. Rab1 Qa5 19. Qh3 Bc8 20. Re3 h5 21.
Rg3 h4 22. Rg4 Qd8 23. g3 Bf6 24. Bxf6 Qxf6 25. Rxh4 Ba6 26. Re1 Rfe8 27. Rf4
Qg5 28. Rxe6 Rxe6 29. Bxe6 Rf8 30. Bxf7+ Rxf7 31. Qe6 Qe7 32. Qxg6+ Rg7 33. Qe4
Qxe4 34. Rxe4 Bc4 35. a3 Rb7 36. Re8+ Kf7 37. Rc8 Bd5 38. Kf1 a6 39. Ke1 Rb3
40. Rc7+ Ke6 41. c4 Bxc4 42. Rxc6+ Kd5 43. Rf6 Rd3 44. Rf4 a5 45. h4 a4 46. h5
Rxa3 0-1

[Event "XXIX Open"]
[Site "Donostia San Sebastian ESP"]
[Date "2006.04.09"]
[Round "2"]
[White "Cornette, M."]
[Black "Ladron de Guevara, F."]
[Result "1-0"]
[WhiteElo "2448"]
[BlackElo "2104"]
[PlyCount "73"]
[EventDate "2006.04.08"]

1. e4 e5 2. Nf3 Nc6 3. Bc4 Nf6 4. d3 Be7 5. O-O O-O 6. Re1 d6 7. a4 h6 8. a5 a6
9. c3 Re8 10. Qb3 Rf8 11. d4 Qe8 12. Nbd2 Bd8 13. h3 Nb8 14. Nf1 Nh7 15. Be3
Ng5 16. N3d2 Ne6 17. Ng3 Bf6 18. Nf3 Nd8 19. Nf5 Nbc6 20. dxe5 Bxe5 21. N3d4
Ne6 22. Bd5 Ncd8 23. Qd1 Nxd4 24. cxd4 Bf6 25. Qh5 Bxf5 26. Qxf5 Nc6 27. e5 Ne7
28. Qf3 Nxd5 29. exf6 Nxf6 30. Bxh6 Qc6 31. Qg3 Nh5 32. Qg5 d5 33. Qxh5 gxh6
34. Ra3 Rae8 35. Rg3+ Kh7 36. Rxe8 Qxe8 37. Qf5+ 1-0

[Event "XXIX Open"]
[Site "Donostia San Sebastian ESP"]
[Date "2006.04.09"]
[Round "2"]
[White "Angulo Martinez, J."]
[Black "Del Rey, D."]
[Result "0-1"]
[WhiteElo "2130"]
[BlackElo "2431"]
[PlyCount "58"]
[EventDate "2006.04.08"]

1. e4 d6 2. d4 Nf6 3. Bd3 c5 4. Nf3 cxd4 5. Nxd4 g6 6. O-O Bg7 7. Nf3 Nbd7 8.
Re1 O-O 9. c4 Nc5 10. Bc2 Be6 11. Qe2 Rc8 12. Nbd2 a6 13. Rb1 b5 14. b4 Na4 15.
Bxa4 bxa4 16. Bb2 Qc7 17. Rec1 Qb7 18. a3 Rfe8 19. h3 Bd7 20. Nd4 e5 21. Nc2
Bh6 22. f3 Qa7+ 23. Kh1 Nh5 24. Qe1 Nf4 25. Qf1 Nxh3 26. gxh3 Bxd2 27. Rd1 Bf4
28. Rxd6 Rxc4 29. Rxd7 Qxd7 0-1

[Event "XXIX Open"]
[Site "Donostia San Sebastian ESP"]
[Date "2006.04.09"]
[Round "2"]
[White "Arce Balluerca, J."]
[Black "Hanley, C."]
[Result "0-1"]
[WhiteElo "2109"]
[BlackElo "2418"]
[PlyCount "84"]
[EventDate "2006.04.08"]

1. g3 Nf6 2. Bg2 e5 3. c4 c6 4. d4 exd4 5. Qxd4 Na6 6. a3 Be7 7. Nf3 Nc5 8.
Nbd2 O-O 9. O-O d5 10. cxd5 Nxd5 11. Ne5 Be6 12. Nd3 Nxd3 13. Qxd3 Nb6 14. Qc2
Qd4 15. Ne4 Qc4 16. Qxc4 Bxc4 17. Re1 Rfe8 18. Be3 Bd5 19. Bxb6 axb6 20. Nc3
Bb3 21. e3 Red8 22. Bf3 Rd2 23. Re2 Rad8 24. Rxd2 Rxd2 25. Rb1 f5 26. Bd1 Bxd1
27. Nxd1 b5 28. Kf1 Bf6 29. Ke1 Rc2 30. e4 fxe4 31. Ne3 Rxb2 32. Rd1 Bc3+ 33.
Kf1 Rd2 34. Re1 Bb2 35. Nf5 Bxa3 36. Rxe4 Bc5 37. Rf4 b4 38. Rf3 Rxf2+ 39. Rxf2
Bxf2 40. Ke2 Bg1 41. h3 c5 42. Kd3 b5 0-1

[Event "XXIX Open"]
[Site "Donostia San Sebastian ESP"]
[Date "2006.04.09"]
[Round "2"]
[White "Martin Alvarez, I."]
[Black "Andres Gonzalez, A."]
[Result "0-1"]
[WhiteElo "2092"]
[BlackElo "2410"]
[PlyCount "68"]
[EventDate "2006.04.08"]

1. e4 c6 2. d4 d5 3. e5 g6 4. f4 h5 5. Nf3 Bg4 6. Bd3 e6 7. O-O Nh6 8. c3 Nf5
9. h3 Bxf3 10. Rxf3 h4 11. Kh2 Qb6 12. Nd2 Nd7 13. Nf1 c5 14. Ne3 cxd4 15. Ng4
Be7 16. Qa4 a6 17. cxd4 Qxd4 18. Qc2 Nc5 19. Bxf5 gxf5 20. Be3 Qc4 21. Nf6+
Bxf6 22. Qxc4 dxc4 23. Bxc5 Rc8 24. Bf2 Be7 25. Rc1 O-O 26. a4 b5 27. g3 hxg3+
28. Rxg3+ Kh7 29. axb5 axb5 30. Rcg1 b4 31. Bd4 Rcd8 32. Rg5 Kh6 33. Be3 Rd3
34. R1g3 Rxe3 0-1

[Event "XXIX Open"]
[Site "Donostia San Sebastian ESP"]
[Date "2006.04.09"]
[Round "2"]
[White "Argandona Rivero, I."]
[Black "Torres, P."]
[Result "1-0"]
[WhiteElo "2382"]
[BlackElo "2045"]
[PlyCount "63"]
[EventDate "2006.04.08"]

1. c4 c5 2. b3 Nf6 3. Bb2 e6 4. Nf3 Nc6 5. g3 Be7 6. Bg2 O-O 7. O-O d5 8. cxd5
Nxd5 9. Nc3 Nxc3 10. Bxc3 Bf6 11. Rc1 Bxc3 12. Rxc3 Qd6 13. e3 Rb8 14. Qb1 h6
15. Rfc1 Nb4 16. a3 Na6 17. Rd3 Qe7 18. Ne5 Rd8 19. Rxd8+ Qxd8 20. Rc3 Qe8 21.
Be4 b6 22. Rd3 Nc7 23. Bh7+ Kf8 24. e4 Ke7 25. Rf3 f6 26. Bg6 Qb5 27. d4 Qe2
28. Re3 Qxe3 29. fxe3 fxe5 30. Qf1 Ba6 31. Qf7+ Kd6 32. Qxg7 1-0

[Event "XXIX Open"]
[Site "Donostia San Sebastian ESP"]
[Date "2006.04.09"]
[Round "3"]
[White "Llaneza Vega, M."]
[Black "Genov, Peta"]
[Result "0-1"]
[WhiteElo "2361"]
[BlackElo "2465"]
[PlyCount "78"]
[EventDate "2006.04.08"]

1. e4 c6 2. d4 d5 3. Nc3 dxe4 4. Nxe4 Bf5 5. Ng3 Bg6 6. Bc4 e6 7. N1e2 Bd6 8.
O-O Ne7 9. Nf4 Nd5 10. Nxd5 cxd5 11. Bb5+ Nc6 12. f4 O-O 13. c3 Ne7 14. Bd3 Qd7
15. Be3 b5 16. a3 a5 17. Bxg6 hxg6 18. Ne2 Nf5 19. Bd2 Be7 20. Nc1 b4 21. axb4
axb4 22. Nd3 bxc3 23. bxc3 Nd6 24. Qc2 Qc7 25. Rfc1 Rfc8 26. Rxa8 Rxa8 27. Rb1
Ne4 28. Nf2 Nd6 29. Nd3 Rc8 30. Rb3 Qc4 31. Rb4 Qa6 32. Ra4 Qb6 33. Qa2 Kh7 34.
Ne5 Qb5 35. Ra7 Qe2 36. Nf3 Ne4 37. h3 Qf2+ 38. Kh2 Bh4 39. Nxh4 Nxd2 0-1

[Event "XXIX Open"]
[Site "Donostia San Sebastian ESP"]
[Date "2006.04.09"]
[Round "3"]
[White "Andres Gonzalez, A."]
[Black "Spraggett, K."]
[Result "1/2-1/2"]
[WhiteElo "2410"]
[BlackElo "2578"]
[PlyCount "60"]
[EventDate "2006.04.08"]

1. Nf3 c5 2. c4 Nf6 3. g3 b6 4. Bg2 Bb7 5. O-O e6 6. d4 cxd4 7. Qxd4 Be7 8. Nc3
Nc6 9. Qf4 O-O 10. Rd1 d6 11. b3 Qb8 12. Bb2 Rd8 13. h3 a6 14. Qe3 Qa7 15. Ng5
Rab8 16. Nce4 b5 17. Nxf6+ gxf6 18. Qxa7 Nxa7 19. Bxb7 Rxb7 20. Ne4 Kg7 21. Ba3
Rbd7 22. g4 bxc4 23. bxc4 Nc6 24. Rab1 Ne5 25. Rbc1 h5 26. f3 hxg4 27. hxg4 Kg6
28. Kg2 f5 29. gxf5+ exf5 30. Nf2 Bg5 1/2-1/2

[Event "XXIX Open"]
[Site "Donostia San Sebastian ESP"]
[Date "2006.04.09"]
[Round "3"]
[White "Dobrev, N."]
[Black "Conquest, S."]
[Result "0-1"]
[WhiteElo "2407"]
[BlackElo "2505"]
[PlyCount "65"]
[EventDate "2006.04.08"]

1. d4 Nf6 2. Nf3 g6 3. c4 d6 4. Nc3 Bf5 5. Nh4 Bd7 6. e4 Bg7 7. e5 dxe5 8. dxe5
Ng4 9. f4 Na6 10. Be2 h5 11. Bf3 c6 12. Qe2 g5 13. h3 Nxe5 14. fxe5 gxh4 15.
O-O Qa5 16. Bf4 Be6 17. Kh1 O-O-O 18. Bxh5 Nc7 19. Bh2 Rhf8 20. Rac1 Kb8 21. b3
Ka8 22. Rc2 Na6 23. Qe1 Qa3 24. Rcf2 Nc5 25. Nb1 Qa6 26. Qe3 Qb6 27. Re2 Rh8
28. Qg5 Qc7 29. Nc3 Bh6 30. Qxh4 Bd2 31. Nb1 Ba5 32. Qg5 Rhg8 33. Qe3 0-1

[Event "XXIX Open"]
[Site "Donostia San Sebastian ESP"]
[Date "2006.04.09"]
[Round "3"]
[White "Jakobsen, O."]
[Black "Cifuentes Parada, R."]
[Result "1/2-1/2"]
[WhiteElo "2388"]
[BlackElo "2494"]
[PlyCount "126"]
[EventDate "2006.04.08"]

1. d4 d5 2. Nf3 Nf6 3. c4 c6 4. e3 e6 5. Nbd2 Nbd7 6. Bd3 Bd6 7. e4 dxe4 8.
Nxe4 Nxe4 9. Bxe4 h6 10. O-O O-O 11. Bc2 e5 12. Re1 Bb4 13. Bd2 Bxd2 14. Qxd2
exd4 15. Qxd4 Qb6 16. Qc3 c5 17. a3 Nf6 18. Nd2 Be6 19. Ne4 Nxe4 20. Bxe4 Rad8
21. Rad1 Rd4 22. Rxd4 cxd4 23. Qc2 Rc8 24. Bd3 a5 25. h3 Qc5 26. Qe2 Bf5 27.
Bxf5 Qxf5 28. Rd1 Qc5 29. Qe4 Rd8 30. Qd3 a4 31. Re1 Qb6 32. Re2 g6 33. h4 h5
34. g3 Kg7 35. Rd2 Qc5 36. Kh2 Rd6 37. Kg1 Kh8 38. Re2 Rd8 39. Re4 Qb6 40. Re2
Kg7 41. Rd2 Qc5 42. Re2 Rd6 43. Re4 Qf5 44. Kg2 Kh7 45. f3 Kg7 46. Kh2 Qc5 47.
Kg2 Rb6 48. Qxd4+ Qxd4 49. Rxd4 Rxb2+ 50. Kh3 Rb3 51. Rd7 b6 52. Rb7 Kf6 53. f4
Ke6 54. Ra7 Rxa3 55. Ra6 Kf5 56. Rxb6 Rc3 57. Rb7 f6 58. Rb5+ Ke4 59. Rb6 f5
60. c5 Kd5 61. Ra6 a3 62. c6 Kc5 63. c7 Kb4 1/2-1/2

[Event "XXIX Open"]
[Site "Donostia San Sebastian ESP"]
[Date "2006.04.09"]
[Round "3"]
[White "Ninov, N."]
[Black "Argandona Rivero, I."]
[Result "1/2-1/2"]
[WhiteElo "2494"]
[BlackElo "2382"]
[PlyCount "37"]
[EventDate "2006.04.08"]

1. e4 c5 2. Nf3 d6 3. d4 cxd4 4. Nxd4 Nf6 5. Nc3 g6 6. Be3 Bg7 7. f3 O-O 8. Qd2
Nc6 9. Bc4 Bd7 10. O-O-O Rb8 11. h4 b5 12. Ndxb5 Ne5 13. Na3 Nxc4 14. Nxc4 Qc7
15. b3 Be6 16. Nd5 Nxd5 17. exd5 Qxc4 18. dxe6 fxe6 19. bxc4 1/2-1/2

[Event "XXIX Open"]
[Site "Donostia San Sebastian ESP"]
[Date "2006.04.09"]
[Round "3"]
[White "Guerra Bastida, D."]
[Black "Prie, E."]
[Result "0-1"]
[WhiteElo "2373"]
[BlackElo "2475"]
[PlyCount "80"]
[EventDate "2006.04.08"]

1. e4 d5 2. exd5 Qxd5 3. Nf3 Bg4 4. Be2 Nc6 5. O-O O-O-O 6. Nc3 Qd7 7. b4 Nf6
8. a4 Bxf3 9. Bxf3 Nxb4 10. a5 e6 11. a6 Nxa6 12. Ba3 c6 13. Bxf8 Rhxf8 14. Qb1
Qc7 15. Be2 Rxd2 16. Rxa6 bxa6 17. Qb4 Rd6 18. Bxa6+ Kd7 19. Rb1 Ke7 20. Qc5
Rb8 21. Rd1 Nd7 22. Qa3 c5 23. Re1 Qb6 24. Bf1 Qb4 25. Qa1 Kf8 26. Ne4 Rd5 27.
c3 Qb6 28. Bc4 Re5 29. Bf1 Nf6 30. Nxf6 Rxe1 31. Nxh7+ Kg8 32. Nf6+ gxf6 33.
Qxe1 a5 34. Qe4 Qa7 35. h4 a4 36. h5 a3 37. h6 Kf8 38. Qf4 Ke7 39. Bc4 Rb1+ 40.
Kh2 Qa4 0-1

[Event "XXIX Open"]
[Site "Donostia San Sebastian ESP"]
[Date "2006.04.09"]
[Round "3"]
[White "Gomez Esteban, J."]
[Black "Vilarnovo Caamano, J."]
[Result "1-0"]
[WhiteElo "2495"]
[BlackElo "2079"]
[PlyCount "53"]
[EventDate "2006.04.08"]

1. d4 f5 2. c4 e6 3. Nc3 Nf6 4. Nf3 Bb4 5. g3 b6 6. Bg2 Bb7 7. O-O Bxc3 8. bxc3
Ne4 9. Qc2 O-O 10. Ba3 Rf6 11. Rfd1 Qe8 12. d5 e5 13. Nh4 Qf7 14. Bh3 g6 15.
Bc1 Qg7 16. Bg2 Nd6 17. c5 bxc5 18. Rb1 c4 19. Qa4 a6 20. Qa5 Nb5 21. a4 Rb6
22. Be3 e4 23. Bxb6 Nxc3 24. Bd4 Nxe2+ 25. Kf1 Nxd4 26. Qxc7 e3 27. fxe3 1-0